书目信息 |
| 题名: |
企业战略变革认知论
|
|
| 作者: | 杨林 著 | |
| 分册: | ||
| 出版信息: | 北京 光明日报出版社 2014 |
|
| 页数: | 221页 | |
| 开本: | 24cm | |
| 丛书名: | ||
| 单 册: | ||
| 中图分类: | F272.1 | |
| 科图分类: | ||
| 主题词: | 企业战略--研究 | |
| 电子资源: | ||
| ISBN: | 978-7-5112-5764-2 | |
| 000 | 01213nam0 2200253 450 | |
| 001 | 338374 | |
| 005 | 20150602095434.43 | |
| 010 | @a978-7-5112-5764-2@dCNY43.00 | |
| 100 | @a20141107d2014 kemy0chiy50 ea | |
| 101 | 0 | @achi |
| 102 | @aCN@b110000 | |
| 105 | @ay v 000yy | |
| 106 | @ar | |
| 200 | 1 | @a企业战略变革认知论@Aqi ye zhan lve bian ge ren zhi lun@d= Research on corporate strategic change from the perspective of entrepreneurial cognitions@f杨林著@zeng |
| 210 | @a北京@c光明日报出版社@d2014 | |
| 215 | @a221页@d24cm | |
| 300 | @a国家自然科学基金项目、江苏省社会科学基金重点项目、南京财经大学学术著作出版基金、江苏高校优势学科建设工程资助项目,以及江苏省高校哲学社会科学优秀创新团队建设项目资助 | |
| 330 | @a本书立足于企业家认知视角, 同时纳入组织知识结构这一重要情境因素, 采用理论演绎、统计分析及典型案例等多种方法, 深入剖析企业家认知对企业战略变革的作用机理、影响路径和效应, 以及组织知识结构的动态差异性影响机理和效应。 | |
| 510 | 1 | @aResearch on corporate strategic change from the perspective of entrepreneurial cognitions@zeng |
| 606 | 0 | @a企业战略@x研究 |
| 690 | @aF272.1@v5 | |
| 701 | 0 | @a杨林@Ayang lin@c(管理学)@4著 |
| 801 | 0 | @aCN@b卓展宏图@c20150525 |
| 905 | @dF272.1@e1204@f4 | |
| 企业战略变革认知论= Research on corporate strategic change from the perspective of entrepreneurial cognitions/杨林著.-北京:光明日报出版社,2014 |
| 221页;24cm |
| 国家自然科学基金项目、江苏省社会科学基金重点项目、南京财经大学学术著作出版基金、江苏高校优势学科建设工程资助项目,以及江苏省高校哲学社会科学优秀创新团队建设项目资助 |
| ISBN 978-7-5112-5764-2:CNY43.00 |
| 本书立足于企业家认知视角, 同时纳入组织知识结构这一重要情境因素, 采用理论演绎、统计分析及典型案例等多种方法, 深入剖析企业家认知对企业战略变革的作用机理、影响路径和效应, 以及组织知识结构的动态差异性影响机理和效应。 |
| ● |
| 相关链接 |
|
|
|
|
正题名:企业战略变革认知论
索取号:F272.1/1204
 
预约/预借
| 序号 | 登录号 | 条形码 | 馆藏地/架位号 | 状态 | 备注 |
| 1 | 861928 | 208619280 | 第一样本阅览室/ [索取号:F272.1/1204] | 在馆 | |
| 2 | 861929 | 208619299 | 密集书库-海洋学院/ [索取号:F272.1/1204] | 在馆 | |
| 3 | 861930 | 208619306 | 第一借阅区/ [索取号:F272.1/1204] | 在馆 | |
| 4 | 861931 | 208619315 | 第一借阅区/ [索取号:F272.1/1204] | 在馆 |